[Event "ARA Cto de Aragon por Equipos Division de Honor Global"]
[Site "Aragon"]
[Date "2021.05.01"]
[Round "6.20"]
[White "Calvo Simon, Jorge"]
[Black "Villuendas Valero, Adrian"]
[Result "0-1"]
[WhiteElo "2188"]
[BlackElo "2249"]
[PlyCount "0"]
[WhiteTeam "Helios"]
[BlackTeam "El Olivar"]
[EventDate "2021.03.13"]

1. d4 e6 2. c4 Bb4+ 3. Bd2 a5 4. Nf3 d6 5. g3 Nc6 6. Bg2 Bxd2+ 7. Nbxd2 e5 8.
dxe5 dxe5 9. Qc2 Nf6 10. O-O O-O 11. Rfd1 Qe7 12. Nf1 Qc5 13. Ne3 Nd4 14. Nxd4
exd4 15. Nd5 Nxd5 16. Bxd5 c6 17. Bf3 Be6 18. Rd2 Rfd8 19. b3 Rd7 20. Rad1 Rad8
21. Qe4 Qf5 22. Qh4 g5 23. Qe4 Qxe4 24. Bxe4 Kg7 25. c5 f5 26. Bg2 Kf6 27. f4
h6 28. Kf2 Ke7 29. fxg5 hxg5 30. h4 gxh4 31. gxh4 Kf6 32. Rd3 Ke5 33. a3 Rh8
34. Rh1 f4 35. h5 Bf5 36. Rdd1 Rdh7 37. Bf3 Be4 38. Rdg1 Bxf3 39. exf3 Rxh5 40.
Rg5+ Rxg5 41. Rxh8 Kd5 42. Rf8 Kxc5 43. Rxf4 Re5 44. Rf7 b6 45. Rd7 Rd5 46. Rh7
b5 47. Ke2 Re5+ 48. Kd2 Re3 49. Rh5+ Kb6 50. b4 Rxa3 51. bxa5+ Kxa5 52. f4 Kb4
0-1

[Event "ARA Cto de Aragon por Equipos Division de Honor Global"]
[Site "Aragon"]
[Date "2021.05.01"]
[Round "6.21"]
[White "Hernando Garcia, Antonio"]
[Black "Cerrajeria Ruiz, Jesus Maria"]
[Result "1-0"]
[WhiteElo "2097"]
[BlackElo "2125"]
[PlyCount "0"]
[WhiteTeam "El Olivar"]
[BlackTeam "Helios"]
[EventDate "2021.03.13"]

1. Nf3 d6 2. g3 e5 3. d3 Be7 4. c4 f5 5. Nc3 c6 6. Rb1 Bf6 7. Bg2 Be6 8. O-O g5
9. Qc2 g4 10. Nd2 h5 11. b4 h4 12. b5 Qc7 13. bxc6 bxc6 14. Rd1 hxg3 15. hxg3
f4 16. Nf1 fxg3 17. fxg3 Ne7 18. Qb3 Nf5 19. Qb7 Qxb7 20. Rxb7 Bd8 21. Rb1 Ba5
22. Ne4 d5 23. cxd5 cxd5 24. Nf6+ Kf7 25. Nxd5 Nd4 26. Bd2 Nbc6 27. Bxa5 Nxa5
28. e3 Nf3+ 29. Bxf3 gxf3 30. Rb5 Nc6 31. Rc1 Bxd5 32. Rxd5 {El negro pierde
por tiempo.} 1-0

[Event "ARA Cto de Aragon por Equipos Division de Honor Global"]
[Site "Aragon"]
[Date "2021.05.01"]
[Round "6.22"]
[White "Lorente Melcon, Nicolas"]
[Black "Galstyan, David"]
[Result "0-1"]
[WhiteElo "1681"]
[BlackElo "1816"]
[PlyCount "0"]
[WhiteTeam "Helios"]
[BlackTeam "El Olivar"]
[EventDate "2021.03.13"]


1. e4 e5 2. Nf3 Nc6 3. c3 d5 4. Qa4 f6 5. Bb5 Nge7 6. O-O Be6 7. d4 dxe4 8.
Nfd2 exd4 9. Nxe4 a6 10. Bxc6+ Nxc6 11. Rd1 d3 12. Ng3 Qd5 13. Qe4 Qxe4 14.
Nxe4 O-O-O 15. Be3 Bf5 16. Nbd2 Be7 17. h4 Bxe4 18. Nxe4 Rhe8 19. Ng3 g6 20.
Nf1 f5 21. g3 Ne5 22. Nd2 Ng4 23. Nf3 Nxe3 24. fxe3 Bc5 25. Nd4 Rxe3 26. Kf2
Bxd4 27. cxd4 Re2+ 28. Kf3 Rxd4 29. Rxd3 Rxd3+ 30. Kxe2 Rxg3 31. h5 Rg2+ 0-1

[Event "ARA Cto de Aragon por Equipos Division de Honor Global"]
[Site "Aragon"]
[Date "2021.05.01"]
[Round "6.23"]
[White "Salamero Pelay, Fernando"]
[Black "Sierra Aguerri, Joaquin"]
[Result "1/2-1/2"]
[WhiteElo "2059"]
[BlackElo "2101"]
[PlyCount "0"]
[WhiteTeam "Atletismo Huesca"]
[BlackTeam "Tauste"]
[EventDate "2021.03.13"]

1. e4 d5 2. exd5 Qxd5 3. Nc3 Qa5 4. d4 c6 5. Bc4 Bf5 6. Bd2 Nf6 7. Nd5 Qd8 8.
Nxf6+ gxf6 9. Nf3 e6 10. O-O Bd6 11. Re1 Qc7 12. Nh4 Bg6 13. Bxe6 fxe6 14.
Rxe6+ Kf7 15. Qe2 Nd7 16. Re1 Nf8 17. Bf4 Nxe6 18. Qxe6+ Kg7 19. Bxd6 Qf7 20.
Qg4 Rhe8 21. Nf5+ Kh8 22. Ne7 Rad8 23. Qf4 Rd7 24. Nxg6+ hxg6 25. Rxe8+ Qxe8
26. Qxf6+ Kh7 27. Be5 Qd8 28. Qf4 c5 29. c3 cxd4 30. cxd4 Kg8 31. Qe4 Qe8 32.
h4 Qe6 33. g4 Qc6 34. Qf4 Rf7 35. Qh6 Rh7 36. Qg5 Kf7 37. Qd8 a6 38. d5 Qe8 39.
Qf6+ Kg8 40. d6 Qf7 41. Qg5 Kf8 42. Bf6 Ke8 43. Qe5+ Kd7 44. Qe7+ Qxe7 45. dxe7
Rf7 46. g5 Rh7 47. Kg2 Rxh4 48. Kg3 Rh1 49. Kg2 Re1 50. f4 Ke8 51. Kf2 Re6 52.
Kf3 b5 53. Kf2 Kf7 54. a3 a5 55. Kf3 a4 1/2-1/2

[Event "ARA Cto de Aragon por Equipos Division de Honor Global"]
[Site "Aragon"]
[Date "2021.05.01"]
[Round "6.24"]
[White "Fernandez Rubio, Rafael"]
[Black "Gella Bitrian, Diego"]
[Result "1-0"]
[WhiteElo "2066"]
[BlackElo "2052"]
[PlyCount "0"]
[WhiteTeam "Tauste"]
[BlackTeam "Atletismo Huesca"]
[EventDate "2021.03.13"]

1. e4 c5 2. Nf3 d6 3. d4 Nf6 4. Nc3 cxd4 5. Qxd4 e5 6. Bb5+ Nbd7 7. Qe3 Be7 8.
O-O O-O 9. Rd1 Qc7 10. h3 a6 11. Bd3 b5 12. a3 Bb7 13. Qe2 Rac8 14. Nh4 Rfe8
15. Nf5 Bf8 16. Bg5 d5 17. exd5 e4 18. Bxe4 Nxe4 19. Nxe4 Qe5 20. Nfg3 h6 21.
f4 Qxb2 22. Bxh6 Rxc2 23. Qf3 gxh6 24. Rab1 Qg7 25. Nh5 Qg6 26. f5 Qxg2+ 27.
Qxg2+ Rxg2+ 28. Kxg2 Rxe4 29. Rbc1 Bd6 30. Rc6 Be5 31. Rxh6 Rd4 32. Rxd4 Bxd4
33. Rd6 Nb6 34. Nf4 Be3 35. Kf3 Bc5 36. Rd8+ Kg7 37. h4 Kf6 38. Kg4 Ke7 39. Rb8
Ba8 40. h5 Kd6 41. h6 Bd4 42. h7 Kc5 43. Kg5 Bxd5 44. Rxb6 Kxb6 45. Nxd5+ Kc5
46. Nf6 1-0

[Event "ARA Cto de Aragon por Equipos Division de Honor Global"]
[Site "Aragon"]
[Date "2021.05.01"]
[Round "6.25"]
[White "Gella Lopez, Angel"]
[Black "Carbonel Sanchez, Andres"]
[Result "1-0"]
[WhiteElo "2032"]
[BlackElo "1940"]
[PlyCount "0"]
[WhiteTeam "Atletismo Huesca"]
[BlackTeam "Tauste"]
[EventDate "2021.03.13"]

1. d4 d5 2. c4 c6 3. Nf3 Nf6 4. Qc2 g6 5. Bf4 Bg7 6. e3 Bf5 7. Qb3 Qb6 8. Nc3
e6 9. h3 Nbd7 10. g4 Be4 11. Nxe4 Nxe4 12. Bd3 Qa5+ 13. Ke2 O-O 14. Bxe4 dxe4
15. Nd2 e5 16. dxe5 Bxe5 17. Bh6 Nc5 18. Qc2 Rfe8 19. Nb3 Qb4 20. Nxc5 Qxc5 21.
Rad1 Rad8 22. b3 Qa3 23. Rd2 Rxd2+ 24. Qxd2 a5 25. Rd1 a4 26. Qd7 Qxa2+ 27. Rd2
1-0

[Event "ARA Cto de Aragon por Equipos Division de Honor Global"]
[Site "Aragon"]
[Date "2021.05.01"]
[Round "6.26"]
[White "Sancho Casale, Jesus"]
[Black "Perez Puyal, Jose Joaquin"]
[Result "1-0"]
[WhiteElo "1924"]
[BlackElo "1798"]
[PlyCount "0"]
[WhiteTeam "Tauste"]
[BlackTeam "Atletismo Huesca"]
[EventDate "2021.03.13"]

1. e4 d5 2. exd5 Qxd5 3. h3 Nf6 4. Nf3 Bf5 5. c4 Qa5 6. Nc3 e6 7. Be2 Bb4 8.
O-O O-O 9. Nd4 Bg6 10. Nb3 Qg5 11. Nb5 Na6 12. N5d4 Nd7 13. a3 Bd6 14. d3 Qd8
15. Na5 Rb8 16. b4 Be5 17. Be3 Qf6 18. Nab3 c6 19. Rc1 Rbc8 20. Nf3 Bb2 21. Bg5
Bxc1 22. Bxf6 Bxa3 23. Bxg7 Kxg7 24. Qa1+ f6 25. Qxa3 Rfd8 26. Nc5 Naxc5 27.
bxc5 Ra8 28. Rb1 b6 29. cxb6 axb6 30. Qe7+ Bf7 31. d4 c5 32. Ng5 fxg5 33. Bh5
Rf8 34. Qxd7 Rad8 35. Qe7 cxd4 36. Bxf7 1-0

[Event "ARA Cto de Aragon por Equipos Division de Honor Global"]
[Site "Aragon"]
[Date "2021.05.01"]
[Round "6.27"]
[White "Accattato Martin, Mario"]
[Black "Pellicer Cerezuela, Miguel"]
[Result "1/2-1/2"]
[WhiteElo "2248"]
[BlackElo "2029"]
[PlyCount "0"]
[WhiteTeam "Monzon"]
[BlackTeam "L'Aurora"]
[EventDate "2021.03.13"]

1. e4 e6 2. d4 d5 3. Bd3 dxe4 4. Bxe4 Nf6 5. Bf3 c5 6. Ne2 Nc6 7. Be3 cxd4 8.
Nxd4 Ne5 9. Nc3 a6 10. O-O Bb4 11. Ne4 Nd5 12. Bg5 Be7 13. Bxe7 Qxe7 14. c4 Nf6
15. Nxf6+ Qxf6 16. Be4 O-O 17. Qc2 Ng6 18. Rad1 e5 19. Nf5 Bxf5 20. Bxf5 b6 21.
Bxg6 hxg6 22. Rd5 Rac8 23. Qe4 Rfe8 24. b3 Re6 25. g3 a5 26. Rfd1 g5 27. R1d3
Rce8 28. Rd7 g4 29. Kg2 Qg5 30. R3d6 Qf6 31. Rxe6 Qxe6 32. Qd5 Re7 33. Rxe7
Qxe7 1/2-1/2

[Event "ARA Cto de Aragon por Equipos Division de Honor Global"]
[Site "Aragon"]
[Date "2021.05.01"]
[Round "6.28"]
[White "Felez Casedas, Carlos"]
[Black "Arrieta Restrepo, Steven"]
[Result "1/2-1/2"]
[WhiteElo "1976"]
[BlackElo "2052"]
[PlyCount "0"]
[WhiteTeam "L'Aurora"]
[BlackTeam "Monzon"]
[EventDate "2021.03.13"]

1. e4 c5 2. c4 Nc6 3. g3 g6 4. Bg2 Bg7 5. Nc3 d6 6. d3 e6 7. Nge2 Nge7 8. Bg5
h6 9. Be3 O-O 10. Qd2 Kh7 11. h4 Nd4 12. h5 g5 13. f4 g4 14. O-O f5 15. Bf2
Nec6 16. Nxd4 Nxd4 17. Ne2 Rb8 18. Nxd4 cxd4 19. exf5 exf5 20. Bd5 b5 21. Kh1
bxc4 22. dxc4 Bb7 23. Bxd4 1/2-1/2

[Event "ARA Cto de Aragon por Equipos Division de Honor Global"]
[Site "Aragon"]
[Date "2021.05.01"]
[Round "6.29"]
[White "Barranco Mananet, Fernando"]
[Black "Pellicer Cemeli, Jose Luis"]
[Result "0-1"]
[WhiteElo "1969"]
[BlackElo "1972"]
[PlyCount "0"]
[WhiteTeam "Monzon"]
[BlackTeam "L'Aurora"]
[EventDate "2021.03.13"]

1. e4 c5 2. Nc3 e6 3. Nf3 d5 4. exd5 exd5 5. Bb5+ Nc6 6. d4 Bd6 7. Be3 c4 8. b3
cxb3 9. axb3 Nf6 10. Ne5 O-O 11. f4 Ne7 12. Bd3 Qc7 13. Nb5 Qb6 14. f5 Bd7 15.
Bg5 a6 16. Nxd6 Qxd6 17. Ng4 Nxg4 18. Qxg4 f6 19. Bd2 Be8 20. O-O Bd7 21. Rf3
Rf7 22. Raf1 Bb5 23. c4 Bc6 24. c5 Qd7 25. Bc2 Re8 26. Qh5 Bb5 27. Re1 Nc6 28.
Rh3 Rxe1+ 29. Bxe1 h6 30. Bf2 Re7 31. Be3 Nxd4 32. Bxd4 Re1+ 33. Kf2 Rf1+ 34.
Kg3 Qc7+ 35. Kh4 Rf4+ 36. Qg4 Be2 37. Rg3 Rxg4+ 38. Rxg4 Qxh2# 0-1

[Event "ARA Cto de Aragon por Equipos Division de Honor Global"]
[Site "Aragon"]
[Date "2021.05.01"]
[Round "6.30"]
[White "Fuentes Espuna, Juan Antonio"]
[Black "Garreta Nieto, Maria"]
[Result "1-0"]
[WhiteElo "1977"]
[BlackElo "1759"]
[PlyCount "0"]
[WhiteTeam "L'Aurora"]
[BlackTeam "Monzon"]
[EventDate "2021.03.13"]

1. d4 d5 2. Nf3 Nf6 3. Bg5 e6 4. e3 Nbd7 5. Nbd2 Be7 6. Bd3 c5 7. c3 h6 8. Bf4
O-O 9. h3 a6 10. g4 Ne8 11. Rg1 Bd6 12. g5 Bxf4 13. exf4 b5 14. g6 f5 15. Ne5
Ndf6 16. dxc5 Nd7 17. Nxd7 Qxd7 18. b4 Bb7 19. Nf3 Qc7 20. Ne5 Nf6 21. Qe2 Rfe8
22. Nf7 Qxf4 23. Nd6 Reb8 24. Qxe6+ Kh8 25. Nf7+ Kg8 26. Nxh6+ Kh8 27. Qg8+
Nxg8 28. Nf7# 1-0

[Event "Cto de Aragon por Equipos Preferente"]
[Site ""]
[Date "2021.05.01"]
[Round "6.32"]
[White "Sanchez Burillo, Guillermo"]
[Black "Dominguez Luzon, Fernando"]
[Result "1/2-1/2"]
[WhiteElo "1680"]
[BlackElo "1940"]
[PlyCount "0"]
[WhiteTeam "Marie Curie"]
[BlackTeam "Delicias B"]
[EventDate "2021.03.13"]

1. e4 c5 2. Nc3 Nc6 3. f4 d6 4. Nf3 g6 5. Bc4 Bg7 6. O-O e6 7. d3 Nge7 
8. Qe1 Nd4 9. Nxd4 Bxd4+ 10. Kh1 O-O 11. e5 dxe5 12.
fxe5 Nc6 13. Ne4 Bxe5 
14. Bg5 f6 15. Bh6 Rf7 16. Nxc5 Qe7 17. Ne4 Bd7 18. c3 Na5 19. Ng5 Nxc4 
20. Nxf7 Qxf7 21. dxc4 Bc6
 22. Bf4 Bxf4 23. Rxf4 e5 24. Rf2 Re8 25. b4 f5 
26. b5 Be4 27. Qe2 Rc8 28. Rd1 Rxc4 29. Rd8+ Kg7 30. Qd1 Rc7 31. Rfd2 Kh6
 
32. Qe1 Qe7 33. Qe3+ Qg5 34. Qxg5+ Kxg5 35. Kg1 Rxc3 36. Re8 Rc5 37. a4 Bc2 
38. Re2 Bxa4 39. Rb8 Bxb5 40. Rxb7 1/2-1/2

[Event "Cto de Aragon por Equipos Preferente"]
[Site ""]
[Date "2021.05.01"]
[Round "6.33"]
[White "Hernandez Bolea, Jorge"]
[Black "Sanchez Perez, Carlos"]
[Result "1/2-1/2"]
[WhiteElo "1205"]
[BlackElo "1497"]
[PlyCount "0"]
[WhiteTeam "Delicias B"]
[BlackTeam "Marie Curie"]
[EventDate "2021.03.13"]

1. e4 e5 2. Nf3 d6 3. Bc4 Bg4 4. Nc3 c6 5. d3 Be7 6. Be3 Nf6 7. d4 exd4 8. Bxd4
Be6 9. Be2 d5 10. Qd3 c5 11. Bxf6 Bxf6 12. O-O-O c4 13. Qe3 d4 14. Nxd4 Bxd4
15. Qxd4 Qxd4 16. Rxd4 Nc6 17. Rd3 O-O 18. Rhd1 Rad8 19. Rxd8 Rxd8 20. Rxd8+
Nxd8 21. Nb5 a6 22. Nc7 c3 23. Nxe6 cxb2+ 24. Kxb2 Nxe6 25. Kc3 Kf8 26. Bf1 Ke7
27. Kc4 Kd6 28. g3 Kc6 29. f3 b5+ 30. Kc3 Kc5 31. f4 a5 32. a3 Nd4 33. e5 Nc6
34. Bd3 h6 35. Be4 Nd4 1/2-1/2

[Event "Cto de Aragon por Equipos Preferente"]
[Site ""]
[Date "2021.05.01"]
[Round "6.35"]
[White "Antonano Fernandez - Quincoces, Avelino"]
[Black "Flores Samperiz, Jorge"]
[Result "1/2-1/2"]
[WhiteElo "2044"]
[BlackElo "1939"]
[PlyCount "0"]
[WhiteTeam "MyInvestor Casablanca B"]
[BlackTeam "Helios B"]
[EventDate "2021.03.13"]

1. e4 c5 2. Nf3 Nc6 3. d4 cxd4 4. Nxd4 Nf6 5. Nc3 e5 6. Ndb5 d6 7. Bg5 a6 8.
Na3 b5 9. Bxf6 gxf6 10. Nd5 Bg7 11. c3 Be6 12. g3 O-O 13. Nc2 Ne7 14. Nce3 Nxd5
15. Nxd5 f5 16. exf5 Bxf5 17. Bg2 Rb8 18. O-O Be6 19. Qd2 a5 20. Rad1 f5 21. f4
e4 22. g4 fxg4 23. Bxe4 Qh4 24. Qf2 Qxf2+ 25. Rxf2 Kh8 26. f5 Bxd5 27. Bxd5 Be5
28. Be6 h5 29. f6 Bxf6 30. Rxd6 Bg5 31. Rf5 Rxf5 32. Bxf5 Rd8 33. Rxd8+ Bxd8
34. Bd7 b4 35. Be8 h4 36. Kg2 Bc7 37. Bd7 1/2-1/2

[Event "Cto de Aragon por Equipos Preferente"]
[Site ""]
[Date "2021.05.01"]
[Round "6.36"]
[White "Lorente Melcon, Maximo"]
[Black "Cebollada Pacheco, Jesus Raul"]
[Result "1-0"]
[WhiteElo "1838"]
[BlackElo "1970"]
[PlyCount "0"]
[WhiteTeam "Helios B"]
[BlackTeam "MyInvestor Casablanca B"]
[EventDate "2021.03.13"]

1. e4 e5 2. Nf3 Nc6 3. Bc4 Bc5 4. c3 Nf6 5. d3 a6 6. a4 d6 7. Nbd2 O-O 8. O-O
Ba7 9. Re1 Be6 10. Bb3 Re8 11. Nf1 Ng4 12. Ne3 Nxe3 13. Bxe3 Bxe3 14. Rxe3 d5
15. exd5 Bxd5 16. d4 Bxb3 17. Qxb3 exd4 18. Rxe8+ Qxe8 19. cxd4 Rb8 20. Rc1 Qd7
21. h3 h6 22. Rc5 Nd8 23. Qc4 c6 24. Ne5 Qe6 25. Qc2 Qd6 26. Rc4 Ne6 27. Qf5
Nxd4 28. Qxf7+ Kh8 29. Qh5 Rf8 30. Ng6+ Kg8 31. Nxf8 Kxf8 32. Qc5 Qxc5 33. Rxc5
b5 34. axb5 axb5 35. Re5 Kf7 36. Kf1 Kf6 37. Re8 c5 38. Ke1 Ne6 39. g3 b4 40.
Kd2 Ng5 41. h4 Kf7 42. Rc8 Ne6 43. Kd3 Ke7 44. Kc4 Kd6 45. Ra8 1-0

[Event "Cto de Aragon por Equipos Preferente"]
[Site ""]
[Date "2021.05.01"]
[Round "6.37"]
[White "Aso Miranda, Carlos"]
[Black "Anson Casaos, Alejandro"]
[Result "1/2-1/2"]
[WhiteElo "1675"]
[BlackElo "1829"]
[PlyCount "0"]
[WhiteTeam "MyInvestor Casablanca B"]
[BlackTeam "Helios B"]
[EventDate "2021.03.13"]


1. c4 e5 2. g3 Nf6 3. Bg2 c6 4. d4 e4 5. Nc3 Bb4 6. Bd2 Bxc3 7. Bxc3 d5 8. b3
O-O 9. e3 Na6 10. Ne2 Bg4 11. O-O Qd7 12. Qd2 Bh3 13. a4 Bxg2 14. Kxg2 Nc7 15.
c5 Ne6 16. h4 Rfe8 17. b4 Nf8 18. Nf4 Ng6 19. Nxg6 fxg6 20. Rab1 a6 21. Qe2 Rf8
22. b5 Nh5 23. bxc6 Qxc6 24. a5 Rf3 25. Rb6 Qc7 26. Rd6 Raf8 27. Qa2 Nxg3 28.
Qxd5+ Kh8 29. Rd7 Qc8 30. Qxb7 Qxb7 31. Rxb7 Nxf1 32. d5 Rxf2+ 33. Kg1 Nxe3 34.
Bxg7+ Kg8 35. Bxf8 Rxf8 36. d6 Rf1+ 37. Kh2 Rf2+ 38. Kh1 1/2-1/2

[Event "Cto de Aragon por Equipos Preferente"]
[Site ""]
[Date "2021.05.01"]
[Round "6.38"]
[White "Gonzalez Azuara, Javier"]
[Black "Lazaro Abadias, Andres"]
[Result "1-0"]
[WhiteElo "1715"]
[BlackElo "1500"]
[PlyCount "0"]
[WhiteTeam "Helios B"]
[BlackTeam "MyInvestor Casablanca B"]
[EventDate "2021.03.13"]


1. d4 d5 2. c4 e6 3. Nc3 c6 4. a3 dxc4 5. e4 b5 6. d5 exd5 7. exd5 cxd5 8. Qxd5
Qxd5 9. Nxd5 Bd6 10. a4 Bb7 11. Ne3 a6 12. Nf5 Be5 13. f4 Bc7 14. Nxg7+ Kd7 15.
Nf5 Ne7 16. Nd4 Nbc6 17. Ngf3 Nxd4 18. Nxd4 Bb6 19. Be3 Nc6 20. O-O-O Kc7 21.
f5 Nxd4 22. Bxd4 Bxd4 23. Rxd4 Rad8 24. Rxd8 Kxd8 25. Rg1 Rg8 26. g4 Bf3 27. g5
f6 28. h4 Be4 29. axb5 axb5 30. Bh3 Kd7 31. Re1 Bd5 32. gxf6 Rf8 33. Re7+ Kc6
34. Rxh7 Rxf6 35. Rg7 Be4 36. Rg5 Kd5 37. Kd2 Kd4 38. Rg4 Rxf5 39. Rxe4+ Kxe4
40. Bxf5+ Kxf5 41. Kc3 1-0

[Event "Cto de Aragon por Equipos Preferente"]
[Site ""]
[Date "2021.05.01"]
[Round "6.39"]
[White "Juberias Segura, Santiago"]
[Black "Garcia Morales, Roberto"]
[Result "1-0"]
[WhiteElo "2006"]
[BlackElo "2016"]
[PlyCount "0"]
[WhiteTeam "Utebo San Lamberto"]
[BlackTeam "Agrupacion B"]
[EventDate "2021.03.13"]

1. c4 e6 2. g3 f5 3. Bg2 Nf6 4. Nf3 Be7 5. Nc3 O-O 6. O-O Nc6 7. d3 Kh8 8. a3 d5
9. b4 a5 10. b5 Na7 11. cxd5 Nxd5 12. Nxd5 Qxd5 13. Rb1 c6 14. Bb2 a4 15. Ne5
Qd6 16. Nc4 Qd8 17. bxc6 Nxc6 18. Nb6 Ra5 19. Bc3 Ra6 20. Nxc8 Qxc8 21. Bxc6
Qxc6 22. Bb4 Bxb4 23. Rxb4 h6 24. Qb1 Rf7 25. Rc1 Qd7 26. Rc5 f4 27. Rcb5 fxg3
28. hxg3 Ra7 29. Qc2 Qd8 30. Qc5 b6 31. Rxb6 Qf6 32. Qd4 Qg5 33. Rxe6 Rac7 34.
Qe3 Rc1+ 35. Kg2 Qd5+ 36. Qe4 Qc5 37. Rb8+  1-0

[Event "Cto de Aragon por Equipos Preferente"]
[Site ""]
[Date "2021.05.01"]
[Round "6.40"]
[White "Carruez Berges, Santiago"]
[Black "Olivan Lopez, Dario"]
[Result "1-0"]
[WhiteElo "1998"]
[BlackElo "1910"]
[PlyCount "0"]
[WhiteTeam "Agrupacion B"]
[BlackTeam "Utebo San Lamberto"]
[EventDate "2021.03.13"]

1. e4 e6 2. d4 d5 3. Nc3 Nf6 4. Bg5 Bb4 5. e5 h6 6. Bd2 Bxc3 7. bxc3 Ne4 8. Bd3
Nxd2 9. Qxd2 c5 10. Nf3 c4 11. Be2 b5 12. O-O Nc6 13. g3 a5 14. a3 Bd7 15. Ne1
O-O 16. Ng2 Qe7 17. Rfb1 Rfb8 18. f4 Rb6 19. Bf3 f5 20. exf6 Qxf6 21. Ne3 Rab8
22. Ng4 Qf8 23. Rf1 b4 24. Ne5 Nxe5 25. fxe5 Qe8 26. axb4 axb4 27. cxb4 Rxb4
28. Ra7 Ba4 29. Bd1 R4b7 30. Rxb7 Rxb7 31. Rf2 Rb1 32. Kg2 Qg6 33. h3 Qe4+ 34.
Bf3 Qe1 35. Qxe1 Rxe1 36. Bh5 Bd7 37. Bg6 Rd1 38. Rf4 Ra1 39. h4 Ra8 40. Bf7+
Kh8 41. h5 Ra2 42. Rf2 Ra8 43. Rf4 c3 44. Rf3 Rc8 45. Kf2 Rf8 46. Ke3 Bb5 47.
Rf4 Bd7 48. Bg6 Rc8 49. Rf7 Bb5 50. Rb7 Be8 51. Re7 Bb5 52. Rb7 Be8 53. Re7 Bb5
54. Rxe6 Rf8 55. Rb6 Bf1 56. Rc6 Bg2 57. Rxc3 Bh3 58. Rc5 Bg2 59. Rc7 Rf3+ 60.
Kd2 Rf8 61. e6 Rf2+ 62. Ke1  1-0

[Event "Cto de Aragon por Equipos Preferente"]
[Site ""]
[Date "2021.05.01"]
[Round "6.41"]
[White "Lopez Guaita, Fernando"]
[Black "Serrat Claver, David"]
[Result "1-0"]
[WhiteElo "1830"]
[BlackElo "1898"]
[PlyCount "0"]
[WhiteTeam "Utebo San Lamberto"]
[BlackTeam "Agrupacion B"]
[EventDate "2021.03.13"]


1. e4 e5 2. Nf3 Nc6 3. Nc3 Nf6 4. Bb5 Bb4 5. O-O O-O 6. d3 d6 7. Bg5 Bxc3 8.
bxc3 h6 9. Bh4 Bg4 10. h3 Bh5 11. g4 Bg6 12. c4 h5 13. Nh2 Qc8 14. Bxf6 gxf6
15. Bxc6 bxc6 16. gxh5 Bh7 17. Qg4+ Kh8 18. Qxc8 Raxc8 19. f3 f5 20. Rab1 Rb8
21. Kf2 Kg7 22. exf5 Bxf5 23. Ng4 Rb6 24. Rg1 Bxg4 25. Rxb6 cxb6 26. hxg4 Kh6
27. Ke3 Kg5 28. Ke4 f6 29. Rh1 d5+ 30. cxd5  1-0

[Event "Cto de Aragon por Equipos Preferente"]
[Site ""]
[Date "2021.05.01"]
[Round "6.42"]
[White "Conon, Catalin"]
[Black "Arias Alvarez, Alberto"]
[Result "1-0"]
[WhiteElo "1654"]
[BlackElo "1717"]
[PlyCount "0"]
[WhiteTeam "Agrupacion B"]
[BlackTeam "Utebo San Lamberto"]
[EventDate "2021.03.13"]

1. e4 c6 2. Nc3 d5 3. Nf3 Bg4 4. h3 dxe4 5. Nxe4 Bh5 6. Ng3 Bg6 7. d4 Nf6 8. Bd3
e6 9. Bf4 Bd6 10. Bxd6 Qxd6 11. c3 Nbd7 12. O-O O-O 13. Re1 Bxd3 14. Qxd3 Rac8
15. Ne4 Nxe4 16. Qxe4 Nf6 17. Qh4 c5 18. Rad1 Rfd8 19. Ne5 Qc7 20. Rd3 cxd4 21.
Rg3 Ne8 22. cxd4 Qa5 23. Re4 Rd5 24. Reg4 Qd8 25. Qh6 g6 26. Nxf7 Qf6 27. Ne5
Rc7 28. h4 Ng7 29. h5 Nf5 30. Rxg6+ hxg6 31. Rxg6+ Rg7 32. Rxg7+ Qxg7 33. Qxe6+
 1-0

[Event "Cto de Aragon por Equipos Preferente"]
[Site ""]
[Date "2021.05.01"]
[Round "6.43"]
[White "Gomez Salinas, Nestor"]
[Black "Veras Sanz, Marino"]
[Result "1-0"]
[WhiteElo "2021"]
[BlackElo "2073"]
[PlyCount "0"]
[WhiteTeam "Palacio De Pioneros C"]
[BlackTeam "El Olivar B"]
[EventDate "2021.03.13"]

1. g4 c5 2. Bg2 Nc6 3. d3 d6 4. h3 g6 5. c3 Bg7 6. Na3 e5 7. e4 Nge7 8. f4 exf4
9. Bxf4 O-O 10. Qd2 d5 11. Bh6 dxe4 12. Bxg7 e3 13. Qxe3 Kxg7 14. O-O-O Qa5 15.
Kb1 Be6 16. Ne2 Nd5 17. Qd2 b5 18. Nf4 Rad8 19. Nxe6+ fxe6 20. h4 Ne5 21. Bxd5
Rxd5 22. Qe2 b4 23. c4 Nf3 24. cxd5 bxa3 25. dxe6 Rb8 26. e7 Nd4 27. Qe5+ Kh6
28. Qxb8 1-0

[Event "Cto de Aragon por Equipos Preferente"]
[Site ""]
[Date "2021.05.01"]
[Round "6.44"]
[White "Gracia Campo, Carlos Alberto"]
[Black "Castillo Sanjuan, Daniel"]
[Result "0-1"]
[WhiteElo "2065"]
[BlackElo "1965"]
[PlyCount "0"]
[WhiteTeam "El Olivar B"]
[BlackTeam "Palacio De Pioneros C"]
[EventDate "2021.03.13"]

1. e4 e5 2. Nf3 Nc6 3. Bc4 Bc5 4. d3 Nf6 5. Bg5 d6 6. O-O h6 7. Bh4 g5 8. Bg3
h5 9. Nxg5 h4 10. Nxf7 Qe7 11. Nxh8 hxg3 12. Bf7+ Kd8 13. Qf3 Nd4 14. Qe3 Ng4
15. Qd2 Nf3+ 16. gxf3 Qh4 17. h3 gxf2+ 18. Rxf2 Bxf2+ 19. Kf1 Qxh3+ 20. Ke2 Be3
21. Qe1 Qg2+ 22. Kd1 Qxf3+ 23. Qe2 Qh1+ 24. Qe1 Nf2+ 25. Ke2 Bg4+ 0-1

[Event "Cto de Aragon por Equipos Preferente"]
[Site ""]
[Date "2021.05.01"]
[Round "6.45"]
[White "Iglesias Fernandez, Luis"]
[Black "Requena Munguira, Jorge"]
[Result "1-0"]
[WhiteElo "1847"]
[BlackElo "1935"]
[PlyCount "0"]
[WhiteTeam "Palacio De Pioneros C"]
[BlackTeam "El Olivar B"]
[EventDate "2021.03.13"]

1. e4 c6 2. Nc3 d5 3. Nf3 Bg4 4. h3 Bh5 5. d4 e6 6. e5 Bb4 7. Bd2 Ne7 8. Bd3
Nd7 9. O-O O-O 10. Bxh7+ Kh8 11. Bd3 a6 12. Ne2 Bxd2 13. Qxd2 Bxf3 14. gxf3 Nf5
15. Bxf5 exf5 16. Qf4 Kh7 17. Qxf5+ g6 18. Qg4 Rh8 19. Nf4 Kg7 20. Kh2 Rh6 21.
Rg1 Qc7 22. Rg3 Rah8 23. Rag1 Nxe5 24. dxe5 Qxe5 25. Qg5 Qd6 26. Kg2 f6 27. Qf5
g5 28. Ne6+ Kf7 29. Rxg5 R8h7 30. Kf1 Qb4 31. Rg7+ Rxg7 32. Rxg7+ Ke8 33. Nf4
1-0

[Event "Cto de Aragon por Equipos Preferente"]
[Site ""]
[Date "2021.05.01"]
[Round "6.46"]
[White "Munoz Valles, Jorge"]
[Black "Sacristan Latorre, Carlos"]
[Result "1-0"]
[WhiteElo "1668"]
[BlackElo "1667"]
[PlyCount "0"]
[WhiteTeam "El Olivar B"]
[BlackTeam "Palacio De Pioneros C"]
[EventDate "2021.03.13"]

1. d4 Nf6 2. c4 g6 3. Nc3 Bg7 4. e4 d6 5. Nf3 O-O 6. Be2 Nfd7 7. O-O e5 8. d5
a5 9. Ne1 Nc5 10. Be3 f5 11. f3 h6 12. a3 Qh4 13. Bf2 Qg5 14. Nd3 b6 15. Nxc5
bxc5 16. Nb5 Na6 17. Qe1 a4 18. Bd1 Bd7 19. Bh4 1-0